Advances in synthetic rubber chemistry (Record no. 53885)

MARC details
000 -LEADER
fixed length control field 00383nam a2200121Ia 4500
100 ## - MAIN ENTRY--AUTHOR NAME
Personal name Morton M
245 #0 - TITLE STATEMENT
Title Advances in synthetic rubber chemistry
260 ## - PUBLICATION, DISTRIBUTION, ETC. (IMPRINT)
Name of publisher Proceedings of the International Rubber Conference, Kuala Lumpur. V.1, 1975; p161-183
650 ## - SUBJECT ADDED ENTRY--TOPICAL TERM
Topical Term Synthetic rubber
650 ## - SUBJECT ADDED ENTRY--TOPICAL TERM
Topical Term Thermoplastic elastomers
942 ## - ADDED ENTRY ELEMENTS (KOHA)
Koha item type Journals
Holdings
Withdrawn status Lost status Damaged status Not for loan Home library Current library Shelving location Date acquired Koha item type
      Journals RRII Library RRII Library Rubber chemistry 17/12/2021 Journals